000 00627nam a2200241Ia 4500
003 OSt
005 20220918173214.0
006 a|||||r|||| 00| 0
007 ta
008 220917b |||||||| |||| 00| 0 eng d
024 _a5,619
037 _cTextual
040 _aARTS
_cARTS
_beng
041 _2eng
_aeng
082 _a2.3.P, N0 (2D)
100 _aMartyn John ed
_945325
245 0 _aInformation UK 2000
260 _aLondon
_bBowker Saur
_c1990
300 _av,293 Appendix
_ccm.
650 _aLIBRARY SCIENCE
942 _h2.3.P, N0 (2D)
_cTEXL
_2CC
999 _c147648
_d147648